Things I Don't Like by Picture - Statistics

General Stats
  • This quiz has been taken 60 times
  • The average score is 7 of 8
Answer Stats
Picture Answer % Correct
Pumpkin
100%
Donald Trump
98%
Broccoli
96%
Cars
96%
News
96%
Chinese language
83%
Minecraft
75%
Among Us
68%
No matching quizzes found
Score Distribution
Percent of People with Each Score
Percentile by Number Answered
Your Score History
You have not taken this quiz